00868nam a22002297a 4500003000500000005001700005008004100022010001000063011001000073035001000083040000900093100003600102245019000138260003800328300001100366500001000377502011700387650003100504650003100535650003700566650003500603CHAP20250903062747.0971013s1988 r 00010 d a68407 a69379 a78855 cCHAP00aRodríguez Guajardo, Aníval. aDeterminación de la composición botánica, valor nutritivo y digestibilidad de la dieta seleccionada por el ganado caprino en el Municipio de Marín, N. L. (Junio-Noviembre, 1986) aMarín, N. L. :bEl autor,c1988 a133 h. a29-42 aTesis (Maestro en Ciencias Esp. en Producción Animal) -- Univ. Autónoma de Nuevo Leòn. Fac. de Agronomía17aForrajesxDigestibilidad214aForrajesxValor nutritivo.14aGanado cabríoxAlimentación.14aGanado cabríoxNuevo León.